000 00441nam a2200181Ia 4500
008 230524s9999 xx 000 0 und d
020 _a9780521670425
082 _a537
_bGUR
100 _aBhag Singh Guru
245 0 _aElectromagnetic Field Theory
250 _a3RD
260 _aNEW DELHI
_bVikas
_c2005
300 _aXVI;596
500 _aQuantity Number: 84
650 _aElectrical
700 _a Huseyin R.Hiziroglu
942 _cBK
999 _c8891
_d8891